[Event "Gatineau Service des Loisirs"]
[Site "Gatineau"]
[Date "2012.10.16"]
[Round "1"]
[White "Pilon, Robert"]
[Black "Gagnon, Fabien"]
[Result "0-1"]
[WhiteElo "1553"]
[BlackElo "1956"]
[PlyCount "52"]
[EventDate "2012.10.16"]
[EventType "swiss"]
[EventRounds "4"]
[EventCountry "CAN"]
[SourceTitle "EXT 2022"]
[Source "ChessBase"]
[SourceDate "2021.10.06"]
[SourceVersion "1"]
[SourceVersionDate "2021.10.06"]
[SourceQuality "1"]

1. Nf3 g6 2. b3 Bg7 3. d4 c5 4. e3 Nh6 5. Bb2 0-0 6. Nbd2 Nc6 7. Bd3 d5 8. c4 dxc4 9. Nxc4 cxd4 10. 0-0 dxe3 11. Bxg7 exf2+ 12. Rxf2 Kxg7 13. Qd2 f6 14. Raf1 Bf5 15. Nb2 Bxd3 16. Nxd3 Qb6 17. Qc3 Ng4 18. Ng5 Nxf2 19. Rxf2 Nd4 20. Qxd4 Qxd4 21. Ne6+ Kg8 22. Nxd4 Rfd8 23. Nc5 Rxd4 24. Nxb7 Rd1+ 25. Rf1 Rxf1+ 26. Kxf1 Rc8 0-1

[Event "Gatineau Defi Nez Rouge"]
[Site "Gatineau"]
[Date "2011.11.29"]
[Round "1"]
[White "Pilon, Robert"]
[Black "Legare, Gilles"]
[Result "1-0"]
[WhiteElo "1463"]
[BlackElo "1125"]
[PlyCount "74"]
[EventDate "2011.11.29"]
[EventType "swiss"]
[EventRounds "4"]
[EventCountry "CAN"]
[SourceTitle "EXT 2013"]
[Source "ChessBase"]
[SourceDate "2012.11.22"]
[SourceVersion "1"]
[SourceVersionDate "2012.11.22"]
[SourceQuality "1"]

1. e4 e6 2. d4 d6 3. Nf3 b6 4. Bd3 Ba6 5. 0-0 Be7 6. c3 Bxd3 7. Qxd3 Nf6 8. Be3 a5 9. Nbd2 a4 10. b3 a3 11. c4 Ng4 12. Bf4 0-0 13. h3 Nf6 14. Qc2 Nc6 15. Rad1 Nxd4 16. Nxd4 e5 17. Be3 exd4 18. Bxd4 c5 19. Bc3 Nh5 20. Nf3 Nf4 21. Bd2 Ng6 22. Rfe1 Ne5 23. Re3 Bg5 24. Nxg5 Qxg5 25. Rg3 Qd8 26. Bh6 Ng6 27. Be3 Qf6 28. Bc1 Nf4 29. Rf3 g5 30. Bxf4 gxf4 31. Qc1 Kh8 32. Rxf4 Rg8 33. Rxf6 Rg7 34. Rdxd6 Rag8 35. g3 h5 36. Qf4 Rh7 37. Rxf7 h4 1-0

[Event "Gatineau Maisonneuve Memorial"]
[Site "Gatineau"]
[Date "2011.11.15"]
[Round "4"]
[White "Pilon, Robert"]
[Black "Simard, Paul"]
[Result "1-0"]
[WhiteElo "1465"]
[BlackElo "1165"]
[PlyCount "65"]
[EventDate "2011.10.25"]
[EventType "swiss"]
[EventRounds "4"]
[EventCountry "CAN"]
[SourceTitle "EXT 2022"]
[Source "ChessBase"]
[SourceDate "2021.10.06"]
[SourceVersion "1"]
[SourceVersionDate "2021.10.06"]
[SourceQuality "1"]

1. e4 e6 2. d4 d5 3. e5 c5 4. c3 cxd4 5. cxd4 Nc6 6. Nf3 a6 7. Nc3 Nge7 8. Bd3 g6 9. a3 Nf5 10. Bxf5 exf5 11. Bg5 Be7 12. Bh6 Bf8 13. Qd2 Na5 14. Bg5 Be7 15. Bxe7 Kxe7 16. Qg5+ Ke8 17. Qxd8+ Kxd8 18. Nxd5 Nb3 19. Rd1 Be6 20. Nf6 Rc8 21. 0-0 Ke7 22. d5 Bd7 23. d6+ Kd8 24. Ng5 Be6 25. Nfxh7 Kd7 26. Nf6+ Kc6 27. Rfe1 Rhd8 28. Nxe6 fxe6 29. Re3 Nc5 30. Rc3 Kb6 31. Rdc1 Kb5 32. b4 Ne4 33. Rxc8 1-0

[Event "Gatineau Maisonneuve Memorial"]
[Site "Gatineau"]
[Date "2011.11.01"]
[Round "2"]
[White "Danilov, Alex"]
[Black "Pilon, Robert"]
[Result "1-0"]
[WhiteElo "1745"]
[BlackElo "1465"]
[PlyCount "97"]
[EventDate "2011.10.25"]
[EventType "swiss"]
[EventRounds "4"]
[EventCountry "CAN"]
[SourceTitle "EXT 2022"]
[Source "ChessBase"]
[SourceDate "2021.10.06"]
[SourceVersion "1"]
[SourceVersionDate "2021.10.06"]
[SourceQuality "1"]

1. c4 Nf6 2. g3 c5 3. Bg2 Nc6 4. Nc3 g6 5. e4 Bg7 6. Nge2 e5 7. 0-0 d6 8. d3 0-0 9. h3 Be6 10. Kh2 Nd4 11. Be3 Rb8 12. Qd2 Qd7 13. f4 Bh6 14. fxe5 Bxe3 15. Qxe3 Nc2 16. Qd2 Nxa1 17. exf6 Kh8 18. Nd5 Bxd5 19. cxd5 Qd8 20. Qc1 Re8 21. Qxa1 Re5 22. Qc1 Qd7 23. Qh6 Rg8 24. g4 g5 25. d4 Rg6 26. Qh5 cxd4 27. Nxd4 Qe8 28. Nf3 Rxe4 29. Kh1 Rf4 30. Nxg5 Rxf1+ 31. Bxf1 Qg8 32. Ne4 Qc8 33. Qh4 Qc1 34. Qf2 Rh6 35. Kg2 Qc7 36. Bd3 b6 37. Qf5 Qc1 38. Ng5 Qd2+ 39. Kf3 Qd1+ 40. Ke3 Qe1+ 41. Be2 Qc1+ 42. Kf2 Qc5+ 43. Kg2 Qc7 44. Bd3 Rg6 45. Nxh7 Kxh7 46. Qh5+ Kg8 47. Bxg6 fxg6 48. Qxg6+ Kf8 49. h4 1-0

[Event "Gatineau Defi Nez rouge B"]
[Site "Gatineau"]
[Date "2009.01.06"]
[Round "5"]
[White "Pilon, Robert"]
[Black "Arsenault, Yves"]
[Result "1-0"]
[WhiteElo "1443"]
[BlackElo "1479"]
[PlyCount "93"]
[EventDate "2008.11.25"]
[EventType "swiss"]
[EventRounds "5"]
[EventCountry "CAN"]
[SourceTitle "EXT 2022"]
[Source "ChessBase"]
[SourceDate "2021.10.06"]
[SourceVersion "1"]
[SourceVersionDate "2021.10.06"]
[SourceQuality "1"]

1. e4 c5 2. Nf3 Nc6 3. c3 e5 4. Bb5 d6 5. h3 Nf6 6. d3 Be7 7. Bg5 0-0 8. 0-0 a6 9. Bxc6 bxc6 10. Na3 Be6 11. Nc2 Qc7 12. Re1 Rfe8 13. b3 h6 14. Bh4 Nh5 15. Bxe7 Rxe7 16. Nxe5 Nf4 17. Nf3 Rf8 18. Qd2 g5 19. e5 d5 20. d4 cxd4 21. Ncxd4 Bd7 22. Ne2 Ng6 23. Ng3 Nxe5 24. Nxg5 f6 25. Nf3 Nxf3+ 26. gxf3 Rh7 27. Kh2 Rff7 28. Re3 f5 29. Rg1 Kf8 30. Ree1 Bc8 31. f4 Qd6 32. Re5 h5 33. Qe2 Qd7 34. Nxh5 Rh6 35. Rg5 Qd8 36. Qf3 Re7 37. Qg2 Rh8 38. Nf6 Be6 39. Rexf5 Rf7 40. Nh7+ Ke7 41. Rxf7+ Bxf7 42. Re5+ Kd6 43. Qg7 Qg8 44. Qf6+ Be6 45. Ng5 Qc8 46. Rxe6+ Kc5 47. Qd4+ 1-0

[Event "Gatineau Hull CC LEO-chB"]
[Site "Gatineau"]
[Date "2008.05.06"]
[Round "4"]
[White "Menard, Marc"]
[Black "Pilon, Robert"]
[Result "0-1"]
[WhiteElo "1599"]
[BlackElo "1516"]
[PlyCount "100"]
[EventDate "2008.04.15"]
[EventType "swiss"]
[EventRounds "6"]
[EventCountry "CAN"]
[SourceTitle "EXT 2022"]
[Source "ChessBase"]
[SourceDate "2021.10.06"]
[SourceVersion "1"]
[SourceVersionDate "2021.10.06"]
[SourceQuality "1"]

1. e4 e6 2. d4 d5 3. Nc3 Bb4 4. Bd3 Bxc3+ 5. bxc3 c5 6. Bb5+ Bd7 7. Bxd7+ Nxd7 8. Qe2 dxe4 9. Qxe4 Ngf6 10. Qxb7 0-0 11. Ne2 cxd4 12. cxd4 Qa5+ 13. Bd2 Qf5 14. c4 Rfb8 15. Qf3 Qc2 16. Qc3 Rb1+ 17. Rxb1 Qxb1+ 18. Nc1 Qe4+ 19. Ne2 Qxg2 20. Rg1 Qe4 21. Qg3 g6 22. a3 Rb8 23. f3 Qd3 24. c5 Rb1+ 25. Bc1 Qe3 26. Kd1 Nd5 27. Rg2 Nc3+ 28. Kc2 Rxc1+ 29. Nxc1 Na4 30. Ne2 Qxa3 31. f4 Qa2+ 32. Kc1 Qc4+ 33. Kd2 Nf6 34. Qd3 Qd5 35. Rg1 Nb2 36. Qb5 Ne4+ 37. Kc2 Nc4 38. Qb8+ Kg7 39. Kc1 Nf2 40. Qb3 h5 41. h4 Ng4 42. Qc3 Nge3 43. Ng3 Qf3 44. d5+ Kg8 45. dxe6 Kf8 46. Qf6 Qb7 47. Ne4 Nd5 48. Qd8+ Kg7 49. Ng5 Qb2+ 50. Kd1 Qd2# 0-1

[Event "Gatineau Hull CC 28 Ann-B"]
[Site "Gatineau"]
[Date "2007.09.25"]
[Round "3"]
[White "Pilon, Robert"]
[Black "Arsenault, Yves"]
[Result "0-1"]
[WhiteElo "1607"]
[BlackElo "1411"]
[PlyCount "46"]
[EventDate "2007.09.11"]
[EventType "swiss"]
[EventRounds "5"]
[EventCountry "CAN"]
[SourceTitle "EXT 2022"]
[Source "ChessBase"]
[SourceDate "2021.10.06"]
[SourceVersion "1"]
[SourceVersionDate "2021.10.06"]
[SourceQuality "1"]

1. e4 c5 2. c3 Nc6 3. d4 cxd4 4. cxd4 Nf6 5. e5 Nd5 6. Nc3 Nxc3 7. bxc3 e6 8. Nf3 d6 9. Bb5 a6 10. Bxc6+ bxc6 11. 0-0 Be7 12. Qa4 Bd7 13. Rb1 c5 14. Qc2 cxd4 15. cxd4 Rc8 16. Qb3 0-0 17. a4 d5 18. Ba3 Rc4 19. Bxe7 Qxe7 20. Qb7 Qd8 21. Rb6 Rxa4 22. Rd6 Bc8 23. Qxf7+ Kxf7 0-1